000 00422nam a22001697a 4500
005 20180203170840.0
008 160621b xxu||||| |||| 00| 0 eng d
020 _a81-8333-163-7
041 _aeng
082 _b8806
_a005.133new delhi
100 _aKanetkar, yashvant
_92424
245 _aLet Us C
260 _bBPB Publication
_anew delhi
_c2009
300 _a728
650 _aInformation Technology
_9137
942 _cBK
999 _c3435
_d3434